The Government's response to the Environment, Transport and Regional Affairs Committee's report : inland waterways. Presented to Parliament ... May 2001. (Record no. 101516)

MARC details
000 -LEADER
fixed length control field 00800cam a2200193 4500
001 - CONTROL NUMBER
control field L113293
008 - FIXED-LENGTH DATA ELEMENTS--GENERAL INFORMATION
fixed length control field 000000n2001 000 0 eng u
020 ## - INTERNATIONAL STANDARD BOOK NUMBER
International Standard Book Number 0101514921
035 ## - SYSTEM CONTROL NUMBER
System control number (Sirsi) u113293
050 ## - LIBRARY OF CONGRESS CALL NUMBER
Classification number 386.1
-- 18
110 ## - MAIN ENTRY--CORPORATE NAME
Corporate name or jurisdiction name as entry element United Kingdom
Subordinate unit Department of the Environment, Transport and the Regions
9 (RLIN) 3507
245 #4 - TITLE STATEMENT
Title The Government's response to the Environment, Transport and Regional Affairs Committee's report : inland waterways. Presented to Parliament ... May 2001.
260 ## - PUBLICATION, DISTRIBUTION, ETC.
Place of publication, distribution, etc. London
Name of publisher, distributor, etc. Stationery Office
Date of publication, distribution, etc. 2001
350 ## - PRICE (NR) (BK AM CF MU VM SE) [OBSOLETE]
Price 3.40
490 ## - SERIES STATEMENT
Series statement Cm
Volume/sequential designation 5149
690 ## - LOCAL SUBJECT ADDED ENTRY--TOPICAL TERM (OCLC, RLIN)
Topical term or geographic name as entry element PROPERTY-INFRASTRUCTURE-WATER TRANSPORT AND PROTECTION INFRASTRUCTURE
856 ## - ELECTRONIC LOCATION AND ACCESS
Uniform Resource Identifier <a href="https://www.defra.gov.uk/ENVIRONMENT/response/waterways/index.htm">https://www.defra.gov.uk/ENVIRONMENT/response/waterways/index.htm</a>
Public note View the report at www.defra.gov.uk...
942 ## - ADDED ENTRY ELEMENTS (KOHA)
Suppress in OPAC 0
Holdings
Withdrawn status Lost status Source of classification or shelving scheme Damaged status Not for loan Home library Current library Shelving location Date acquired Cost, normal purchase price Total Checkouts Full call number Barcode Date last seen Copy number Cost, replacement price Price effective from Koha item type
    Dewey Decimal Classification     Virtual Virtual Online 18/07/2001 3.40   ONLINE PUBLICATION 30064633 06/08/2019 1 3.40 06/08/2019 Book